[Event "Hull CC XXVII anniversaire A"]
[Site "Gatineau CAN"]
[Date "2006.09.19"]
[Round "2"]
[White "Libersan, Mattieu"]
[Black "Forget, David"]
[Result "1-0"]
[WhiteElo "1911"]
[BlackElo "1905"]
[PlyCount "55"]
[EventDate "2006.09.12"]
[EventType "swiss"]
[EventRounds "5"]
[EventCountry "CAN"]

1. e4 e6 2. d4 d5 3. Nc3 Bb4 4. Nge2 dxe4 5. a3 Be7 6. Nxe4 Nf6 7. Qd3 O-O 8.
Bf4 Nd5 9. O-O-O Nxf4 10. Nxf4 b6 11. h4 Ba6 12. c4 Nc6 13. Ng5 Bxg5 14. hxg5
g6 15. Qh3 Re8 16. Qxh7+ Kf8 17. Nxg6+ fxg6 18. Qxg6 Ke7 19. Rh7+ Kd6 20. c5+
Kd5 21. Bxa6 Nxd4 22. Bb7+ Kxc5 23. b4+ Kb5 24. Qd3+ Ka4 25. Qa6+ Kb3 26. Rd3+
Ka2 27. Qc4+ Ka1 28. Qc3+ 1-0

[Event "Hull CC XXVII anniversaire A"]
[Site "Gatineau CAN"]
[Date "2006.09.19"]
[Round "2"]
[White "Mai, Lloyd"]
[Black "Brousseau, Yvan"]
[Result "1-0"]
[WhiteElo "2023"]
[BlackElo "2059"]
[PlyCount "57"]
[EventDate "2006.09.12"]
[EventType "swiss"]
[EventRounds "5"]
[EventCountry "CAN"]

1. e4 b6 2. g3 Bb7 3. Bg2 Nf6 4. d3 e5 5. f4 Nc6 6. Nf3 Qe7 7. O-O O-O-O 8.
fxe5 Nxe5 9. Nxe5 Qxe5 10. d4 Qe6 11. e5 Bxg2 12. Kxg2 Qd5+ 13. Qf3 Qxf3+ 14.
Rxf3 Nd5 15. Rxf7 c5 16. c3 cxd4 17. cxd4 Nb4 18. Na3 Nd3 19. Bg5 Re8 20. Nc4
h6 21. Bd2 b5 22. Na5 d6 23. Nc6 dxe5 24. Nxa7+ Kb8 25. Nc6+ Kc8 26. a4 b4 27.
a5 exd4 28. a6 Re2+ 29. Kg1 1-0

[Event "Hull CC XXVII anniversaire A"]
[Site "Gatineau CAN"]
[Date "2006.09.26"]
[Round "3"]
[White "Brousseau, Yvan"]
[Black "Laurin, Jacques"]
[Result "1-0"]
[WhiteElo "2059"]
[BlackElo "1858"]
[PlyCount "60"]
[EventDate "2006.09.12"]
[EventType "swiss"]
[EventRounds "5"]
[EventCountry "CAN"]

1. Nf3 Nf6 2. b3 d6 3. Bb2 e5 4. d3 Nc6 5. Nbd2 Be7 6. g3 Bf5 7. Bg2 Qd7 8. h3
O-O-O 9. Nc4 h6 10. e4 Be6 11. Ne3 g5 12. g4 Rdg8 13. Nf5 Bxf5 14. gxf5 h5 15.
Qe2 h4 16. Nh2 d5 17. O-O-O d4 18. Bf3 Bd6 19. c3 dxc3 20. Bxc3 Ba3+ 21. Kb1
Nd4 22. Qe3 Bc5 23. Qd2 Qb5 24. Rhg1 Rd8 25. Bxd4 Rxd4 26. Qc2 Rhd8 27. Be2 Rb4
28. d4 Qa4 29. dxc5 Nxe4 30. Rxd8+ Kxd8 1-0

[Event "Hull CC XXVII anniversaire A"]
[Site "Gatineau CAN"]
[Date "2006.09.26"]
[Round "3"]
[White "Cossette, Daniel"]
[Black "Mai, Lloyd"]
[Result "1-0"]
[WhiteElo "2093"]
[BlackElo "2023"]
[PlyCount "89"]
[EventDate "2006.09.12"]
[EventType "swiss"]
[EventRounds "5"]
[EventCountry "CAN"]

1. e4 d6 2. d4 Nf6 3. Nc3 Nc6 4. f4 Bg4 5. Be2 Bxe2 6. Ngxe2 e5 7. d5 Ne7 8.
O-O c6 9. h3 Qb6+ 10. Kh1 cxd5 11. exd5 Rd8 12. Qd3 a6 13. Be3 Qc7 14. a4 Nd7
15. Ne4 h6 16. Qc4 Nxd5 17. Qxd5 Be7 18. fxe5 Nxe5 19. Bd4 O-O 20. Qb3 Qc6 21.
N2g3 Rc8 22. Nf5 Rc7 23. Bxe5 dxe5 24. Qg3 g6 25. Nxe7+ Rxe7 26. Nf6+ Kg7 27.
Qc3 Qxc3 28. bxc3 Rc8 29. Ra3 e4 30. Nd5 Re5 31. Ne3 f5 32. g4 Rf8 33. gxf5
gxf5 34. Rf4 Kg6 35. h4 Rd8 36. Rb3 b5 37. axb5 axb5 38. c4 bxc4 39. Rb6+ Kh7
40. Rxf5 Rxf5 41. Nxf5 Rd1+ 42. Kg2 Rd2+ 43. Kg3 Rxc2 44. Rxh6+ Kg8 45. Kf4 1-0

[Event "Hull CC XXVII anniversaire A"]
[Site "Gatineau CAN"]
[Date "2006.09.26"]
[Round "3"]
[White "Gagnon, Fabien"]
[Black "Libersan, Mattieu"]
[Result "1/2-1/2"]
[WhiteElo "2030"]
[BlackElo "1911"]
[PlyCount "89"]
[EventDate "2006.09.12"]
[EventType "swiss"]
[EventRounds "5"]
[EventCountry "CAN"]

1. Nf3 g6 2. c4 Bg7 3. g3 d6 4. Bg2 e5 5. Nc3 f5 6. O-O Nf6 7. d3 O-O 8. Rb1 a5
9. a3 Nc6 10. Bg5 h6 11. Bxf6 Qxf6 12. Nd5 Qf7 13. Nd2 Nd4 14. e3 Ne6 15. f4 c6
16. Nc3 Nc5 17. Nb3 Nd7 18. Nc1 Nf6 19. b4 axb4 20. axb4 exf4 21. exf4 Ng4 22.
Qd2 Bd4+ 23. Kh1 Qg7 24. Nd1 Re8 25. h3 Nf6 26. Ne2 Nh5 27. Kh2 Be6 28. b5 Bd7
29. Ndc3 Re7 30. Rfe1 Rae8 31. bxc6 Bxc6 32. Nd5 Bxd5 33. Bxd5+ Kh7 34. Nxd4
Qxd4 35. Rxe7+ Rxe7 36. Rxb7 Rxb7 37. Bxb7 Nf6 38. Qe2 h5 39. h4 Ng4+ 40. Kg2
Kh6 41. Bf3 Ne3+ 42. Kh1 Qa1+ 43. Kh2 Qd4 44. Kh3 Kg7 45. Kh2 1/2-1/2

[Event "Hull CC XXVII anniversaire A"]
[Site "Gatineau CAN"]
[Date "2006.09.26"]
[Round "3"]
[White "Pepin, Christian"]
[Black "Arsenault, Michel"]
[Result "1-0"]
[WhiteElo "2095"]
[BlackElo "2053"]
[PlyCount "47"]
[EventDate "2006.09.12"]
[EventType "swiss"]
[EventRounds "5"]
[EventCountry "CAN"]

1. e4 c5 2. Nf3 e6 3. d4 cxd4 4. Nxd4 Nf6 5. Nc3 d6 6. Be2 Be7 7. O-O O-O 8.
Kh1 a6 9. f4 Qc7 10. Bf3 e5 11. Nf5 Bxf5 12. exf5 Re8 13. g4 e4 14. Nxe4 Nxe4
15. Bxe4 Bh4 16. Qf3 Nc6 17. c3 Re7 18. Bd3 Na5 19. f6 Re1 20. Rxe1 Bxe1 21.
Be3 Bh4 22. Qh3 Nc4 23. Qxh4 g6 24. Qh6 1-0

[Event "Hull CC XXVII anniversaire A"]
[Site "Gatineau CAN"]
[Date "2006.10.03"]
[Round "4"]
[White "Brousseau, Yvan"]
[Black "Cossette, Daniel"]
[Result "0-1"]
[WhiteElo "2050"]
[BlackElo "2003"]
[PlyCount "94"]
[EventDate "2006.09.12"]
[EventType "swiss"]
[EventRounds "5"]
[EventCountry "CAN"]

1. b3 e5 2. Bb2 Nc6 3. e3 d6 4. Bb5 Bd7 5. Nf3 a6 6. Bxc6 Bxc6 7. d4 exd4 8.
Qxd4 Nf6 9. Nbd2 Be7 10. O-O-O O-O 11. g4 Ne8 12. Qf4 Bf6 13. c3 Be5 14. Qc4
Qf6 15. Nxe5 dxe5 16. f3 Nd6 17. Qe2 a5 18. c4 Qe7 19. Rhg1 b5 20. Ba3 b4 21.
Bb2 a4 22. h3 axb3 23. axb3 Ra2 24. e4 Rfa8 25. Qe3 Nb7 26. Kc2 Nc5 27. Ra1
Rxa1 28. Rxa1 Rd8 29. Ra5 Nd3 30. Ba1 Qh4 31. Bxe5 Nxe5 32. Rxe5 Qxh3 33. Rc5
Rd6 34. Qf2 Qh1 35. Ra5 g6 36. Qe2 Qg1 37. c5 Rd8 38. Qc4 Rd4 39. Qe2 Bd7 40.
Ra8+ Kg7 41. Ra5 Be6 42. Nf1 Rd8 43. Nd2 Qd4 44. Kd1 Bxb3+ 45. Ke1 Qg1+ 46. Qf1
Qe3+ 47. Qe2 Qc3 0-1

[Event "Hull CC XXVII anniversaire A"]
[Site "Gatineau CAN"]
[Date "2006.10.03"]
[Round "4"]
[White "Forget, David"]
[Black "Guimond, Michel"]
[Result "0-1"]
[WhiteElo "1905"]
[BlackElo "1812"]
[PlyCount "96"]
[EventDate "2006.09.12"]
[EventType "swiss"]
[EventRounds "5"]
[EventCountry "CAN"]

1. d4 g6 2. c4 Bg7 3. e4 d6 4. Nc3 Nd7 5. Nf3 c6 6. Be2 e5 7. O-O a6 8. d5 c5
9. Bg5 f6 10. Be3 Nh6 11. Ne1 O-O 12. Qd2 Nf7 13. Rb1 f5 14. f3 f4 15. Bf2 Qg5
16. b4 b6 17. bxc5 bxc5 18. Na4 h5 19. Kh1 h4 20. Nd3 Bf6 21. Nb6 Nxb6 22. Rxb6
Bd8 23. Rb3 Qh5 24. Rfb1 Ng5 25. h3 Bxh3 26. gxh3 Nxh3 27. Qe1 Ng5 28. Qg1 Rf7
29. Rb7 Ra7 30. Rxa7 Rxa7 31. Rb8 Rd7 32. Qg4 Qxg4 33. fxg4 Nxe4 34. Bxh4 g5
35. Nf2 Nxf2+ 36. Bxf2 e4 37. Be1 Kf7 38. Bc3 Bf6 39. Bxf6 Kxf6 40. Rf8+ Ke5
41. Rf5+ Kd4 42. Rxg5 Ke3 43. Bd1 Rb7 44. Bb3 Kf2 45. Rh5 f3 46. Rh2+ Kg3 47.
Kg1 e3 48. Rh8 e2 0-1

[Event "Hull CC XXVII anniversaire A"]
[Site "Gatineau CAN"]
[Date "2006.10.03"]
[Round "4"]
[White "Laurin, Jacques"]
[Black "Libersan, Mattieu"]
[Result "0-1"]
[WhiteElo "1858"]
[BlackElo "1911"]
[PlyCount "42"]
[EventDate "2006.09.12"]
[EventType "swiss"]
[EventRounds "5"]
[EventCountry "CAN"]

1. c4 b5 2. cxb5 e5 3. Nc3 Bb7 4. e3 Nf6 5. Nf3 e4 6. Nd4 c5 7. bxc6 Nxc6 8.
Nxc6 Bxc6 9. Be2 Bd6 10. d4 exd3 11. Qxd3 Qc7 12. Bd2 O-O 13. Rc1 a6 14. Qf5
Rfe8 15. f4 Qb6 16. O-O Bc5 17. Nd1 Bxe3+ 18. Nxe3 Rxe3 19. Ba5 Qxb2 20. Rc2
Qd4 21. Kh1 Be4 0-1

[Event "Hull CC XXVII anniversaire A"]
[Site "Gatineau CAN"]
[Date "2006.10.10"]
[Round "5"]
[White "Forget, David"]
[Black "Brousseau, Yvan"]
[Result "0-1"]
[WhiteElo "1905"]
[BlackElo "2059"]
[PlyCount "112"]
[EventDate "2006.09.12"]
[EventType "swiss"]
[EventRounds "5"]
[EventCountry "CAN"]

1. d4 b6 2. c4 Bb7 3. Nc3 Nf6 4. f3 e6 5. e4 d6 6. Bg5 Be7 7. Bd3 h6 8. Be3 c5
9. e5 dxe5 10. dxe5 Nfd7 11. Bf4 Nc6 12. Be4 a6 13. Bg3 h5 14. f4 Qc7 15. Nf3
O-O-O 16. Qe2 h4 17. Bf2 g5 18. fxg5 Ndxe5 19. Nxe5 Qxe5 20. O-O Bxg5 21. Bxc6
Qxe2 22. Bxb7+ Kxb7 23. Nxe2 Rd2 24. Nc3 Rxb2 25. Ne4 Be7 26. Rfd1 Kc6 27. Rd2
Rb4 28. Rc1 f5 29. Nc3 Bg5 30. Rcd1 Bxd2 31. Rxd2 Rxc4 32. Ne2 Rg8 33. h3 Rg7
34. Kf1 Rd7 35. Ke1 Rxd2 36. Kxd2 Ra4 37. Nc3 Rb4 38. Kc2 Rf4 39. Be3 Rf1 40.
Nd1 f4 41. Bf2 f3 42. gxf3 Rh1 43. Bxh4 Rxh3 44. Bg5 Rxf3 45. Bd2 b5 46. Ne3 b4
47. Nc4 Kb5 48. Nd6+ Ka4 49. Ne4 c4 50. Nc5+ Ka3 51. Kb1 Rf1+ 52. Kc2 c3 53.
Bxc3 bxc3 54. Nxa6 Kxa2 55. Nc7 e5 56. Kxc3 Rc1+ 0-1

[Event "Hull CC XXVII anniversaire A"]
[Site "Gatineau CAN"]
[Date "2006.10.10"]
[Round "5"]
[White "Laurin, Jacques"]
[Black "Gagnon, Fabien"]
[Result "0-1"]
[WhiteElo "1858"]
[BlackElo "2030"]
[PlyCount "92"]
[EventDate "2006.09.12"]
[EventType "swiss"]
[EventRounds "5"]
[EventCountry "CAN"]

1. c4 g6 2. g3 Bg7 3. Bg2 d6 4. Nc3 e5 5. e3 Nc6 6. Nge2 Be6 7. b3 Nge7 8. O-O
d5 9. cxd5 Nxd5 10. Ba3 Qd7 11. Ne4 O-O-O 12. Nc5 Qe8 13. Rc1 f5 14. Qc2 e4 15.
d3 Ndb4 16. Bxb4 Nxb4 17. Qd2 Nc6 18. Nf4 Bf7 19. d4 g5 20. Ne2 h5 21. Qc3 Bd5
22. b4 Kb8 23. b5 Ne7 24. Qa5 Rc8 25. Rc3 b6 26. Qa6 bxc5 27. Ra3 Rd8 28. Qxa7+
Kc8 29. Nc3 Bb7 30. Qxc5 Qd7 31. Ra7 Qd6 32. Qc4 Nd5 33. Nxd5 Bxd5 34. Qa4 Bb7
35. Rc1 Rh6 36. Rc5 Rf6 37. f3 Qb6 38. fxe4 fxe4 39. Rxg5 Bh6 40. Ra8+ Bxa8 41.
Qxa8+ Kd7 42. Bh3+ Ke7 43. Qxe4+ Kf8 44. Re5 Qa5 45. Qd3 Qe1+ 46. Bf1 Qf2+ 0-1

[Event "Hull CC XXVII anniversaire A"]
[Site "Gatineau CAN"]
[Date "2006.10.10"]
[Round "5"]
[White "Libersan, Mattieu"]
[Black "Cossette, Daniel"]
[Result "1/2-1/2"]
[WhiteElo "1911"]
[BlackElo "2003"]
[PlyCount "120"]
[EventDate "2006.09.12"]
[EventType "swiss"]
[EventRounds "5"]
[EventCountry "CAN"]

1. e4 c5 2. Nf3 Nc6 3. d4 cxd4 4. Nxd4 Nf6 5. Nc3 g6 6. Be3 Bg7 7. Bc4 O-O 8.
Qd2 Ng4 9. Nxc6 dxc6 10. O-O Nxe3 11. Qxe3 Qd4 12. Qe2 Bg4 13. Qxg4 Qxc4 14.
Qe2 Qc5 15. Rad1 Bxc3 16. bxc3 Rfd8 17. Rd3 Rd6 18. Rfd1 Rad8 19. Rxd6 Rxd6 20.
Rxd6 exd6 21. Qd3 Qa3 22. g3 Qxa2 23. Qxd6 Qa1+ 24. Kg2 Qxc3 25. Qb8+ Kg7 26.
Qxa7 b5 27. Qa2 b4 28. f4 c5 29. e5 c4 30. Kh3 b3 31. cxb3 cxb3 32. Qa6 Qc7 33.
Qf6+ Kg8 34. e6 fxe6 35. Qxe6+ Qf7 36. Qc8+ Kg7 37. Qc3+ Kf8 38. Qc8+ Qe8 39.
Qc5+ Qe7 40. Qc8+ Kf7 41. Qh8 Qe6+ 42. Kg2 Qe4+ 43. Kh3 Qf5+ 44. g4 Qxf4 45.
Qxh7+ Kf6 46. Qh8+ Ke7 47. Qg7+ Qf7 48. Qe5+ Qe6 49. Qc7+ Kf6 50. Qf4+ Kg7 51.
Qc7+ Qf7 52. Qc3+ Kh7 53. Kg3 Qb7 54. Qb2 g5 55. Qb1+ Kh6 56. Qb2 Kg6 57. Qb1+
Kh6 58. Qb2 Qc7+ 59. Kh3 Qc2 60. Qf6+ Qg6 1/2-1/2

[Event "Hull CC XXVII anniversaire B"]
[Site "Gatineau CAN"]
[Date "2006.09.12"]
[Round "1"]
[White "Arsenault, Yves"]
[Black "Dallaire, Dominic"]
[Result "0-1"]
[WhiteElo "1448"]
[BlackElo "1798"]
[PlyCount "68"]
[EventDate "2006.09.12"]
[EventType "swiss"]
[EventRounds "5"]
[EventCountry "CAN"]

1. e4 e6 2. d4 d5 3. Nc3 Bb4 4. exd5 exd5 5. Nf3 Nf6 6. Bd3 Qe7+ 7. Be3 Ng4 8.
O-O Nxe3 9. fxe3 Qxe3+ 10. Kh1 Bxc3 11. bxc3 O-O 12. Re1 Qf4 13. Re5 c6 14. Qe2
Nd7 15. Rf5 Qh6 16. Re1 Nf6 17. Rg5 Bg4 18. Re5 Nh5 19. Qe3 Qxe3 20. R1xe3 Nf4
21. Bf1 Ng6 22. Rg5 Bd7 23. h3 f6 24. Rh5 Nf4 25. Rh4 g5 26. Nxg5 fxg5 27. Rg3
Nxh3 28. gxh3 Rxf1+ 29. Kg2 Raf8 30. Rxg5+ Kh8 31. Rgh5 R8f2+ 32. Kg3 Bf5 33.
a4 Be4 34. Re5 Rg2# 0-1

[Event "Hull CC XXVII anniversaire B"]
[Site "Gatineau CAN"]
[Date "2006.09.12"]
[Round "1"]
[White "Blouin, Francois"]
[Black "Berthiaume, Maxime"]
[Result "1-0"]
[WhiteElo "1561"]
[BlackElo "952"]
[PlyCount "64"]
[EventDate "2006.09.12"]
[EventType "swiss"]
[EventRounds "5"]
[EventCountry "CAN"]

1. e4 c6 2. d3 d5 3. Nd2 e6 4. g3 Be7 5. Bg2 Nf6 6. e5 Nfd7 7. d4 O-O 8. Ne2
Bg5 9. Nf3 Be7 10. h4 Qa5+ 11. c3 c5 12. Bd2 Nc6 13. a3 b6 14. b4 cxd4 15. cxd4
Qa6 16. Qb1 f6 17. b5 Qb7 18. bxc6 Qxc6 19. O-O Ba6 20. Rc1 Bxe2 21. Rxc6 b5
22. Bb4 Bxb4 23. Qxb4 Bxf3 24. Bxf3 Nb6 25. Be2 a5 26. Qd6 Rfd8 27. Qxe6+ Kh8
28. Rxb6 Re8 29. Qg4 Rab8 30. Rxb8 Rxb8 31. Rc1 b4 32. Rc7 Rc8 1-0

[Event "Hull CC XXVII anniversaire B"]
[Site "Gatineau CAN"]
[Date "2006.09.12"]
[Round "1"]
[White "Carrier, Simon"]
[Black "Villeneuve, Luc"]
[Result "0-1"]
[WhiteElo "957"]
[BlackElo "1535"]
[PlyCount "70"]
[EventDate "2006.09.12"]
[EventType "swiss"]
[EventRounds "5"]
[EventCountry "CAN"]

1. e4 d6 2. h3 Nf6 3. Nc3 c5 4. Nf3 e5 5. d3 h6 6. Be2 Be6 7. O-O Be7 8. Be3 g5
9. Nd5 Bxd5 10. exd5 Nxd5 11. c3 Nxe3 12. fxe3 Qb6 13. Qd2 f5 14. a4 Nc6 15.
Rab1 a5 16. e4 f4 17. d4 cxd4 18. Bb5 dxc3+ 19. Qf2 Qxf2+ 20. Rxf2 O-O-O 21.
bxc3 d5 22. Bxc6 bxc6 23. Nxe5 Bc5 24. Nf7 Bxf2+ 25. Kxf2 dxe4 26. Rb6 Kc7 27.
Ra6 Ra8 28. Rxa8 Rxa8 29. Nxh6 e3+ 30. Ke2 Rd8 31. Ng4 Rd2+ 32. Ke1 Rxg2 33.
Ne5 Rg3 34. Nf7 f3 35. Nxg5 Rg1# 0-1

[Event "Hull CC XXVII anniversaire B"]
[Site "Gatineau CAN"]
[Date "2006.09.12"]
[Round "1"]
[White "Charland, Roger"]
[Black "Guimond, Michel"]
[Result "1/2-1/2"]
[WhiteElo "1542"]
[BlackElo "1812"]
[PlyCount "55"]
[EventDate "2006.09.12"]
[EventType "swiss"]
[EventRounds "5"]
[EventCountry "CAN"]

1. e4 g6 2. Nf3 Bg7 3. g3 d6 4. Bg2 e5 5. O-O Nh6 6. d4 Nd7 7. dxe5 dxe5 8. Bh3
O-O 9. Bxd7 Bxd7 10. Bxh6 Bxh6 11. Nxe5 Bh3 12. Qxd8 Raxd8 13. Re1 Rfe8 14. Nd3
f5 15. e5 f4 16. Nxf4 Rxe5 17. Nc3 Bxf4 18. gxf4 Rf5 19. Re4 Rdf8 20. Rae1 g5
21. R1e3 g4 22. Ne2 h5 23. Rd3 h4 24. Rd7 R5f7 25. Rd5 Rh7 26. Rg5+ Rg7 27. Rh5
Rh7 28. Rg5+ 1/2-1/2

[Event "Hull CC XXVII anniversaire B"]
[Site "Gatineau CAN"]
[Date "2006.09.12"]
[Round "1"]
[White "Chartrand, Jean Bruno"]
[Black "Beland, Guy"]
[Result "1-0"]
[WhiteElo "1885"]
[BlackElo "1460"]
[PlyCount "89"]
[EventDate "2006.09.12"]
[EventType "swiss"]
[EventRounds "5"]
[EventCountry "CAN"]

1. d4 Nf6 2. c4 g6 3. Nc3 Bg7 4. e4 O-O 5. f3 c6 6. Be3 d6 7. Qd2 Nbd7 8. Nge2
Ne8 9. g4 e5 10. d5 a5 11. h4 b5 12. dxc6 b4 13. Nd5 Nc5 14. Nc1 Ra7 15. Nb3
Nc7 16. Nxc5 dxc5 17. Bxc5 Nxd5 18. Bxf8 Bxf8 19. cxd5 Bd6 20. h5 g5 21. h6 f6
22. Rc1 Rc7 23. Qe3 a4 24. Qb6 Kf7 25. Rh2 Qe7 26. Rhc2 Kg6 27. Rc5 Kxh6 28.
Qxb4 Kg6 29. Qb6 h5 30. gxh5+ Kxh5 31. R5c2 Kg6 32. a3 Qh7 33. Qf2 f5 34. Bd3
f4 35. Qh2 Bh3 36. Bf1 g4 37. fxg4 Qh4+ 38. Kd2 Qxg4 39. Bxh3 Qf3 40. Bf5+ Kf7
41. Be6+ Kf8 42. Qh8+ Ke7 43. Qg7+ Kd8 44. Qf6+ Be7 45. Qh8+ 1-0

[Event "Hull CC XXVII anniversaire B"]
[Site "Gatineau CAN"]
[Date "2006.09.12"]
[Round "1"]
[White "Kennedy, Phillip"]
[Black "Thibault, Mario"]
[Result "0-1"]
[WhiteElo "1296"]
[BlackElo "1676"]
[PlyCount "99"]
[EventDate "2006.09.12"]
[EventType "swiss"]
[EventRounds "5"]
[EventCountry "CAN"]

1. Nf3 d5 2. g3 Nf6 3. Bg2 c6 4. O-O Bf5 5. d3 h6 6. Bf4 e6 7. Nbd2 Bh7 8. Re1
Be7 9. e4 O-O 10. Nb3 a5 11. a4 dxe4 12. dxe4 Bxe4 13. Ne5 Qxd1 14. Raxd1 Bxc2
15. Rd3 Bxd3 16. Nxd3 Nd5 17. Bd2 b6 18. Nd4 Bf6 19. Nf3 Nd7 20. h4 Rac8 21.
Rc1 Rfe8 22. b3 e5 23. Bh3 Rc7 24. Re1 Re7 25. Bxd7 Rcxd7 26. Nfxe5 Bxe5 27.
Nxe5 Rc7 28. h5 f6 29. Ng6 Rxe1+ 30. Bxe1 c5 31. Kf1 c4 32. bxc4 Rxc4 33. Ke2
Rxa4 34. Kd3 b5 35. f3 Ra1 36. Bd2 b4 37. Kc4 Rd1 38. Kxd5 Rxd2+ 39. Kc4 Rc2+
40. Kb3 Rc3+ 41. Kb2 Rxf3 42. Ne7+ Kf7 43. Nc6 Rf5 44. g4 Rc5 45. Nd4 Rc4 46.
Nb5 Rxg4 47. Kb3 Rg3+ 48. Ka4 Ra3+ 49. Nxa3 bxa3 50. Kxa3 0-1

[Event "Hull CC XXVII anniversaire B"]
[Site "Gatineau CAN"]
[Date "2006.09.12"]
[Round "1"]
[White "Lacourse, Guy"]
[Black "Chirokova, Elena"]
[Result "1-0"]
[WhiteElo "1681"]
[BlackElo "1345"]
[PlyCount "91"]
[EventDate "2006.09.12"]
[EventType "swiss"]
[EventRounds "5"]
[EventCountry "CAN"]

1. d4 d5 2. Nf3 Bf5 3. c4 e6 4. Nc3 Bb4 5. Bg5 f6 6. Bh4 Ne7 7. Rc1 O-O 8. e3
Nbc6 9. Qb3 Be4 10. a3 Ba5 11. Qd1 Nf5 12. Bg3 Nxg3 13. hxg3 a6 14. c5 b5 15.
b4 Bxf3 16. Qxf3 Bxb4 17. axb4 g6 18. Bd3 f5 19. g4 Nxb4 20. Bb1 Qd7 21. gxf5
exf5 22. Qh3 Rf7 23. g3 c6 24. O-O a5 25. Rfd1 Qe7 26. Qf1 Re8 27. Nxb5 cxb5
28. Qxb5 Qd8 29. c6 Rc7 30. Rc5 Re6 31. Rdc1 Qa8 32. Qxa5 Qxa5 33. Rxa5 Rexc6
34. Rxc6 Rxc6 35. Ba2 Nxa2 36. Rxa2 Kf7 37. Ra7+ Ke6 38. Rxh7 Rb6 39. Rg7 Kf6
40. Rd7 Rb5 41. Rd6+ Kg5 42. Kg2 Ra5 43. Re6 Ra2 44. Re5 Ra5 45. e4 Ra4 46.
Rxd5 1-0

[Event "Hull CC XXVII anniversaire B"]
[Site "Gatineau CAN"]
[Date "2006.09.12"]
[Round "1"]
[White "Laurin, Marcel"]
[Black "Berthiaume, Serge"]
[Result "1-0"]
[WhiteElo "1653"]
[BlackElo "1166"]
[PlyCount "47"]
[EventDate "2006.09.12"]
[EventType "swiss"]
[EventRounds "5"]
[EventCountry "CAN"]

1. d4 d5 2. c4 Nf6 3. Nc3 c6 4. cxd5 Nxd5 5. e4 Nxc3 6. bxc3 e5 7. Bc4 Qa5 8.
Qb3 Be6 9. Bxe6 fxe6 10. Qxe6+ Be7 11. Bd2 exd4 12. cxd4 Qb6 13. Nf3 h6 14. O-O
Nd7 15. Rab1 Qc7 16. Qg6+ Kf8 17. e5 c5 18. e6 Kg8 19. exd7 Qxd7 20. Ne5 Qe8
21. Qe6+ Kh7 22. Rxb7 Bf6 23. Qxf6 Rg8 24. Qxh6# 1-0

[Event "Hull CC XXVII anniversaire B"]
[Site "Gatineau CAN"]
[Date "2006.09.12"]
[Round "1"]
[White "Levesque, Andre"]
[Black "Laferriere, Bruno"]
[Result "0-1"]
[WhiteElo "1390"]
[BlackElo "1770"]
[PlyCount "100"]
[EventDate "2006.09.12"]
[EventType "swiss"]
[EventRounds "5"]
[EventCountry "CAN"]

1. e4 c5 2. Nc3 Nc6 3. g3 Nf6 4. Bg2 e6 5. d3 Be7 6. Nge2 d5 7. exd5 exd5 8.
Bg5 Be6 9. Nf4 O-O 10. O-O Qd7 11. Re1 d4 12. Ne4 Nxe4 13. Bxe7 Nxf2 14. Kxf2
Nxe7 15. Kg1 Nd5 16. Qf3 Ne3 17. Rac1 Bg4 18. Qxb7 Qxb7 19. Bxb7 Rab8 20. Be4
Rxb2 21. Ng2 Nxg2 22. Bxg2 Be6 23. Re5 Rc8 24. a3 c4 25. Be4 cxd3 26. Bxd3 g6
27. Ra5 Rc7 28. Ra4 Ra2 29. Rxd4 Rxa3 30. Kf2 a5 31. h4 Kg7 32. Ke2 a4 33. g4
Ra7 34. Rb1 Rc3 35. Kd2 Rc5 36. Bb5 a3 37. Ra4 Rxb5 38. Rxa7 Rxb1 39. Rxa3 Bxg4
40. Ke3 Bf5 41. c4 Rc1 42. Kd4 Kh6 43. c5 Be6 44. Ra5 Rc4+ 45. Ke5 Rxh4 46. Kd6
Rc4 47. c6 Kg7 48. c7 h5 49. Ra6 h4 50. Ke7 Rxc7+ 0-1

[Event "Hull CC XXVII anniversaire B"]
[Site "Gatineau CAN"]
[Date "2006.09.12"]
[Round "1"]
[White "Maisonneuve, Paul"]
[Black "Berthiaume, Patrick"]
[Result "1-0"]
[WhiteElo "1606"]
[BlackElo "978"]
[PlyCount "55"]
[EventDate "2006.09.12"]
[EventType "swiss"]
[EventRounds "5"]
[EventCountry "CAN"]

1. d4 d5 2. Bf4 Nc6 3. e3 Nf6 4. Nf3 Ne4 5. c3 e6 6. Bd3 Be7 7. h3 O-O 8. O-O
Bd6 9. Bxd6 Qxd6 10. Nbd2 Bd7 11. Nxe4 dxe4 12. Bxe4 e5 13. Qc2 exd4 14. exd4
Rfe8 15. Bxh7+ Kf8 16. Bd3 Re6 17. Bc4 Rh6 18. Rfe1 Re8 19. Rxe8+ Kxe8 20. Re1+
Re6 21. Bxe6 Bxe6 22. Qh7 Ne7 23. Qh8+ Kd7 24. Ne5+ Qxe5 25. dxe5 Bxa2 26. Rd1+
Ke6 27. Qxg7 Bb3 28. Qf6# 1-0

[Event "Hull CC XXVII anniversaire B"]
[Site "Gatineau CAN"]
[Date "2006.09.12"]
[Round "1"]
[White "Rainey, Ivan"]
[Black "Scantland, Patrick"]
[Result "0-1"]
[WhiteElo "1068"]
[BlackElo "1624"]
[PlyCount "63"]
[EventDate "2006.09.12"]
[EventType "swiss"]
[EventRounds "5"]
[EventCountry "CAN"]

1. e4 e5 2. Nf3 Nc6 3. Bc4 Bc5 4. Nc3 Nf6 5. O-O O-O 6. d3 h6 7. Re1 a6 8. Bd5
d6 9. Bxc6 bxc6 10. Be3 Bb4 11. Qd2 Ng4 12. a3 Ba5 13. b4 Nxe3 14. bxa5 Ng4 15.
h3 Nf6 16. Rab1 Be6 17. d4 exd4 18. Nxd4 Bd7 19. Nf3 Ne8 20. e5 d5 21. Nd4 Qe7
22. Re3 f5 23. exf6 Qxf6 24. Rf3 Qd6 25. Rxf8+ Qxf8 26. a4 Nd6 27. Re1 Qf6 28.
Qd3 Rf8 29. Nd1 Nc4 30. Nb3 Bf5 31. Qe2 Qh4 32. Ne3 0-1

[Event "Hull CC XXVII anniversaire B"]
[Site "Gatineau CAN"]
[Date "2006.09.12"]
[Round "1"]
[White "Rose, Richard"]
[Black "Dupont, Claude"]
[Result "1-0"]
[WhiteElo "1787"]
[BlackElo "1414"]
[PlyCount "45"]
[EventDate "2006.09.12"]
[EventType "swiss"]
[EventRounds "5"]
[EventCountry "CAN"]

1. e4 c5 2. Nf3 d6 3. d4 cxd4 4. Nxd4 Nc6 5. Nc3 a6 6. Bc4 Nf6 7. f3 Qb6 8.
Nxc6 bxc6 9. Qd3 e6 10. Bb3 Be7 11. Be3 c5 12. Rd1 O-O 13. O-O Bb7 14. Na4 Qc7
15. c4 Rfd8 16. Bc2 e5 17. Nc3 Bc6 18. f4 Ng4 19. Bc1 Nf6 20. fxe5 dxe5 21. Nd5
Nxd5 22. exd5 Bd7 23. Qxh7+ 1-0

[Event "Hull CC XXVII anniversaire B"]
[Site "Gatineau CAN"]
[Date "2006.09.19"]
[Round "2"]
[White "Beland, Guy"]
[Black "Kennedy, Phillip"]
[Result "0-1"]
[WhiteElo "1460"]
[BlackElo "1296"]
[PlyCount "76"]
[EventDate "2006.09.12"]
[EventType "swiss"]
[EventRounds "5"]
[EventCountry "CAN"]

1. e4 c5 2. Nf3 Nc6 3. d4 cxd4 4. Nxd4 Nxd4 5. Qxd4 e6 6. Bc4 Qa5+ 7. Bd2 Qc5
8. Bc3 Qxd4 9. Bxd4 b6 10. O-O Bb7 11. Nd2 d5 12. exd5 Bxd5 13. Bb5+ Kd8 14.
Rad1 Nf6 15. c4 Bb7 16. Nf3 Ke7 17. Bxf6+ Kxf6 18. Rfe1 Bxf3 19. gxf3 Be7 20.
Rd7 Rhd8 21. Red1 Rxd7 22. Rxd7 a5 23. a4 Bc5 24. h3 h5 25. h4 e5 26. Bc6 Rf8
27. Be4 Ke6 28. Rd1 f5 29. Bd5+ Kf6 30. Kg2 g5 31. hxg5+ Kxg5 32. Kh3 Bxf2 33.
Rd2 Bd4 34. Rg2+ Kf4 35. Kh4 e4 36. fxe4 fxe4 37. Kxh5 Rf5+ 38. Kh4 Bf6+ 0-1

[Event "Hull CC XXVII anniversaire B"]
[Site "Gatineau CAN"]
[Date "2006.09.19"]
[Round "2"]
[White "Berthiaume, Serge"]
[Black "Arsenault, Yves"]
[Result "0-1"]
[WhiteElo "1166"]
[BlackElo "1448"]
[PlyCount "34"]
[EventDate "2006.09.12"]
[EventType "swiss"]
[EventRounds "5"]
[EventCountry "CAN"]

1. d4 Nf6 2. Nc3 d5 3. f3 Bf5 4. e3 Nc6 5. Bd3 Qd7 6. Bxf5 Qxf5 7. Qe2 O-O-O 8.
Nh3 e5 9. O-O exd4 10. e4 dxe4 11. fxe4 Qc5 12. Rf5 d3+ 13. Qf2 Qxf2+ 14. Nxf2
d2 15. Nd5 dxc1=Q+ 16. Rxc1 Nd4 17. Rd1 Nxf5 0-1